The big black book. (Record no. 342543)

000 -LEADER
fixed length control field 01732cas a2200493 a 4500
001 - CONTROL NUMBER
control field 11454823
003 - CONTROL NUMBER IDENTIFIER
control field NUST
005 - DATE AND TIME OF LATEST TRANSACTION
control field 20180102095441.0
007 - PHYSICAL DESCRIPTION FIXED FIELD--GENERAL INFORMATION
fixed length control field t|
008 - FIXED-LENGTH DATA ELEMENTS--GENERAL INFORMATION
fixed length control field 950103c198u9999nyuar f 0 a0eng c
010 ## - LIBRARY OF CONGRESS CONTROL NUMBER
LC control number 95647538
022 0# - INTERNATIONAL STANDARD SERIAL NUMBER
International Standard Serial Number 1081-8855
ISSN-L 1081-8855
Source 1
035 ## - SYSTEM CONTROL NUMBER
System control number (OCoLC)ocm31759332
037 ## - SOURCE OF ACQUISITION
Source of stock number/acquisition Boardroom Reports, Inc., 330 W. 42nd St., New York, NY 10036
040 ## - CATALOGING SOURCE
Original cataloging agency GConCR
Language of cataloging eng
Transcribing agency GConCR
Modifying agency DLC
-- NSDP
-- DLC
-- OCoLC
-- OCLCF
-- OCLCO
-- OCoLC
042 ## - AUTHENTICATION CODE
Authentication code pcc
-- nsdp
043 ## - GEOGRAPHIC AREA CODE
Geographic area code n-us---
050 00 - LIBRARY OF CONGRESS CALL NUMBER
Classification number HQ2039.U6
Item number B55
082 00 - DEWEY DECIMAL CLASSIFICATION NUMBER
Classification number 646.7
Author Mark REF
210 0# - ABBREVIATED TITLE
Abbreviated title Big black book
222 #4 - KEY TITLE
Key title The big black book
245 04 - TITLE STATEMENT
Title The big black book.
260 ## - PUBLICATION, DISTRIBUTION, ETC.
Place of publication, distribution, etc. New York, N.Y. :
Name of publisher, distributor, etc. Boardroom Reports, Inc.
300 ## - PHYSICAL DESCRIPTION
Extent v. ;
Dimensions 29 cm.
310 ## - CURRENT PUBLICATION FREQUENCY
Current publication frequency Annual
500 ## - GENERAL NOTE
General note Includes indexes.
588 ## - SOURCE OF DESCRIPTION NOTE
Source of description note Description based on: 4th ed. (c1989); title from cover.
588 ## - SOURCE OF DESCRIPTION NOTE
Source of description note Latest issue consulted: c1993.
590 ## - LOCAL NOTE (RLIN)
Local note SERBIB/SERLOC merged record
650 #0 - SUBJECT ADDED ENTRY--TOPICAL TERM
Topical term or geographic name entry element Life skills
Geographic subdivision United States
Form subdivision Handbooks, manuals, etc.
9 (RLIN) 7948
650 #0 - SUBJECT ADDED ENTRY--TOPICAL TERM
Topical term or geographic name entry element Family life education
Geographic subdivision United States
Form subdivision Handbooks, manuals, etc.
9 (RLIN) 7949
650 #7 - SUBJECT ADDED ENTRY--TOPICAL TERM
Topical term or geographic name entry element Family life education.
Source of heading or term fast
Authority record control number or standard number (OCoLC)fst00920371
9 (RLIN) 7950
650 #7 - SUBJECT ADDED ENTRY--TOPICAL TERM
Topical term or geographic name entry element Life skills.
Source of heading or term fast
Authority record control number or standard number (OCoLC)fst00998359
9 (RLIN) 7951
651 #7 - SUBJECT ADDED ENTRY--GEOGRAPHIC NAME
Geographic name United States.
Source of heading or term fast
Authority record control number or standard number (OCoLC)fst01204155
9 (RLIN) 7952
655 #7 - INDEX TERM--GENRE/FORM
Genre/form data or focus term Handbooks and manuals.
Source of term fast
Authority record control number (OCoLC)fst01423877
9 (RLIN) 280
710 2# - ADDED ENTRY--CORPORATE NAME
Corporate name or jurisdiction name as entry element Boardroom Reports, Inc.
9 (RLIN) 7953
906 ## - LOCAL DATA ELEMENT F, LDF (RLIN)
a 7
b cbc
c serials
d u
e ncip
f 19
g n-oclcserc
942 ## - ADDED ENTRY ELEMENTS (KOHA)
Source of classification or shelving scheme
Koha item type Reference
Holdings
Withdrawn status Lost status Source of classification or shelving scheme Damaged status Not for loan Permanent Location Current Location Shelving location Date acquired Full call number Barcode Date last seen Copy number Price effective from Koha item type
          Central Library (CL) Central Library (CL) Reference 01/02/2018 646.7 BIG CL3068 01/02/2018 1 01/02/2018 Reference
© 2023 Central Library, National University of Sciences and Technology. All Rights Reserved.